| 000 | 00642nam a22001817a 4500 | ||
|---|---|---|---|
| 003 | OSt | ||
| 005 | 20190828094711.0 | ||
| 008 | 190828b xxu||||| |||| 00| 0 ara d | ||
| 040 | _aLB-BrCRDP | ||
| 082 | _a961.4 H212Ym | ||
| 100 | 7 | _aالدكتور سعد زغلول عبد الحميد | |
| 245 | _aمحمد بن تومرت وحركة التجديد في المغرب والأندلس | ||
| 260 |
_aبيروت _b(جامعة بيروت العربية / دار الاحد (البحيري اخوان _c1973 |
||
| 300 |
_aص39 _cسم24 |
||
| 630 | _a Ibn Tūmart, Muḥammad, -- -approximately 1130. | ||
| 630 | _aAlmohade | ||
| 942 |
_2ddc _cBK |
||
| 999 |
_c23213 _d23213 |
||